Therapy Session - NF - Statistics

General Stats
  • This quiz has been taken 4 times
  • The average score is 10 of 14
Answer Stats
Songs Plays Artists % Correct
How Could You Leave Us 209,646,850 NF
100%
Intro 2 46,001,645 NF
100%
Therapy Session 165,653,619 NF
100%
Grindin' 132,893,355 NF, Marty
75%
Lost in the Moment 150,622,549 NF, Andreas Moss
75%
Oh Lord 117,971,658 NF
75%
Real 118,019,133 NF
75%
All I Do 29,554,950 NF
50%
Breathe 36,040,014 NF
50%
Got You On My Mind 105,414,049 NF
50%
I Can Feel It 23,805,013 NF
50%
I Just Wanna Know 54,636,142 NF
50%
Statement 27,941,257 NF
50%
Wish You Wouldn't 24,732,345 NF
50%
No matching quizzes found
Score Distribution
Percent of People with Each Score
Percentile by Number Answered
Your Score History
You have not taken this quiz